Les anomalies de la vie économique.
Výber z článkov R. Thalera v novinách Journal of Economic Perspectives o anomáliách. Definícia anomálie. Prvá príčina anomálie: hypotéza osobného záujmu. Druhá príčina anomálie: hypotéza racionality. Vysvetlenie a dosah týchto anomálií. (Analyses de la SEDEIS 1992, č.87).
Gespeichert in:
| 1. Verfasser: | |
|---|---|
| Format: | Buchkapitel |
| Sprache: | Französisch |
| Schlagworte: | |
| Tags: |
Keine Tags, Fügen Sie das erste Tag hinzu!
|
MARC
| LEADER | 00000naa a2200000 4500 | ||
|---|---|---|---|
| 001 | r009381 | ||
| 005 | 20220913124442.9 | ||
| 041 | 0 | |a fre | |
| 044 | |a FR | ||
| 245 | 1 | 0 | |a Les anomalies de la vie économique. |c A. Wolfelsperger |
| 520 | |a Výber z článkov R. Thalera v novinách Journal of Economic Perspectives o anomáliách. Definícia anomálie. Prvá príčina anomálie: hypotéza osobného záujmu. Druhá príčina anomálie: hypotéza racionality. Vysvetlenie a dosah týchto anomálií. (Analyses de la SEDEIS 1992, č.87). | ||
| 610 | 2 | 0 | |a politika hospodárska |
| 610 | 2 | 0 | |a pojmy |
| 610 | 2 | 0 | |a Thaler, S. |
| 610 | 2 | 0 | |a teórie ekonomické |
| 100 | 1 | |a Wolfelsperger, A. | |